Clemente Guillen, explorer of the South : diaries of the overland expeditions to Bahia Magdalena and La Paz, 1719, 1720-1721 /

Bibliographic Details
Main Author: Guillén, Clemente, 1677-1748
Other Authors: Mathes, W. Michael
Format: Book
Language:English
Spanish
Published: Los Angeles : Dawson's Book Shop, 1979.
Series:Baja California travels series ; 42.
Subjects:

MARC

Tag First Indicator Second Indicator Subfields
LEADER 00000cam a2200000 i 4500
001 in00000035638
005 20151007062054.0
008 790917s1979 caubf b 00010aeng
010 |a  78073364  
020 |a 087093242X 
035 |a (OCoLC)05001550 
035 |9 AAD3889AM 
040 |a DLC  |c DLC  |d TXA  |d UtOrBLW 
041 1 |a eng  |a spa 
043 |a n-mx--- 
049 |a TXAM  |c [1383108] 
050 0 0 |a F1246  |b .G83 1979 
082 0 |a 917.2/2/042 
100 1 |a Guillén, Clemente,  |d 1677-1748. 
245 1 0 |a Clemente Guillen, explorer of the South :  |b diaries of the overland expeditions to Bahia Magdalena and La Paz, 1719, 1720-1721 /  |c translated and edited by W. Michael Mathes. 
264 1 |a Los Angeles :  |b Dawson's Book Shop,  |c 1979. 
300 |a 99 pages, 1 unnumbered folded leaf of plates :  |b map ;  |c 22 cm. 
336 |a text  |b txt  |2 rdacontent 
337 |a unmediated  |b n  |2 rdamedia 
338 |a volume  |b nc  |2 rdacarrier 
490 1 |a Baja California travels series ;  |v 42 
500 |a Translation of MS I/2.1 and MS 3/49.1 in the Biblioteca Nacional, Mexico, Archivo Franciscano. 
500 |a "500 copies printed." 
504 |a Bibliography: pages 97-99. 
600 1 0 |a Guillén, Clemente,  |d 1677-1748. 
610 2 0 |a Jesuits  |z Mexico  |z Baja California. 
650 0 |a Indians of Mexico  |z Mexico  |z Baja California. 
651 0 |a Baja California (Mexico : Peninsula)  |x Discovery and exploration. 
651 0 |a Magdalena Bay (Mexico)  |x History. 
651 0 |a La Paz (Baja California Sur, Mexico)  |x History. 
700 1 |a Mathes, W. Michael. 
830 0 |a Baja California travels series ;  |v 42. 
999 |a MARS 
999 f f |s 848870e7-c7e5-3a39-b602-dee7a3adb6f4  |i 38f6ef89-13b6-3025-9942-ec74bb1801bf  |t 0 
952 f f |p ric  |a Texas A&M University  |b Rellis Campus  |c Joint Library Facility  |d Remote Storage  |t 0  |e F1246 .G83 1979  |h Library of Congress classification  |i unmediated -- volume  |m A14802344431 
998 f f |a F1246 .G83 1979  |t 0  |l Remote Storage